<?xml version="1.0" encoding="UTF-8"?>
<record
    xmlns:xsi="http://www.w3.org/2001/XMLSchema-instance"
    xsi:schemaLocation="http://www.loc.gov/MARC21/slim http://www.loc.gov/standards/marcxml/schema/MARC21slim.xsd"
    xmlns="http://www.loc.gov/MARC21/slim">

  <leader>00588nam a22001937a 4500</leader>
  <controlfield tag="005">20220506125233.0</controlfield>
  <controlfield tag="008">ZUL</controlfield>
  <datafield tag="020" ind1=" " ind2=" ">
    <subfield code="a">9781920522353</subfield>
  </datafield>
  <datafield tag="040" ind1=" " ind2=" ">
    <subfield code="c">RDA</subfield>
  </datafield>
  <datafield tag="082" ind1=" " ind2=" ">
    <subfield code="2">23</subfield>
    <subfield code="a">ZUL J 398.204963986 MSIM</subfield>
  </datafield>
  <datafield tag="100" ind1=" " ind2=" ">
    <subfield code="a">Msimang, C.T</subfield>
    <subfield code="a">Mathaba S.C</subfield>
    <subfield code="a">Mkhize, S.O.Z</subfield>
    <subfield code="9">131362</subfield>
  </datafield>
  <datafield tag="245" ind1=" " ind2=" ">
    <subfield code="a">Ishungu lezizukulwane</subfield>
  </datafield>
  <datafield tag="260" ind1=" " ind2=" ">
    <subfield code="a">Pretoria</subfield>
    <subfield code="b">Bard Publishers </subfield>
    <subfield code="c">2013</subfield>
  </datafield>
  <datafield tag="300" ind1=" " ind2=" ">
    <subfield code="a">228 pages</subfield>
    <subfield code="b">Paperback</subfield>
    <subfield code="c">20.5 cm</subfield>
  </datafield>
  <datafield tag="500" ind1=" " ind2=" ">
    <subfield code="a">IsiZulu Home Language Gr 12 Folklore</subfield>
  </datafield>
  <datafield tag="521" ind1=" " ind2=" ">
    <subfield code="a">Grade 12 learners</subfield>
  </datafield>
  <datafield tag="942" ind1=" " ind2=" ">
    <subfield code="x">Naomi Mtsimane</subfield>
    <subfield code="w">175</subfield>
    <subfield code="y">175</subfield>
    <subfield code="z">Naomi Mtsimane</subfield>
  </datafield>
  <datafield tag="942" ind1=" " ind2=" ">
    <subfield code="2">ddc</subfield>
    <subfield code="c">BOOK</subfield>
    <subfield code="h">ZUL J 398.204963986 MSIM</subfield>
  </datafield>
  <datafield tag="999" ind1=" " ind2=" ">
    <subfield code="c">632117</subfield>
    <subfield code="d">632116</subfield>
  </datafield>
  <datafield tag="952" ind1=" " ind2=" ">
    <subfield code="0">0</subfield>
    <subfield code="1">0</subfield>
    <subfield code="2">ddc</subfield>
    <subfield code="4">0</subfield>
    <subfield code="7">0</subfield>
    <subfield code="8">300</subfield>
    <subfield code="a">STANRL</subfield>
    <subfield code="b">LEBOL</subfield>
    <subfield code="d">2022-05-06</subfield>
    <subfield code="g">216.00</subfield>
    <subfield code="l">0</subfield>
    <subfield code="o">ZUL J 398.204963986 MSIM</subfield>
    <subfield code="p">33228031007602</subfield>
    <subfield code="r">2022-05-06</subfield>
    <subfield code="w">2022-05-06</subfield>
    <subfield code="y">BOOK</subfield>
  </datafield>
</record>
